América indígena : órgano trimestral del Instituto Indigenista Interamericano : enero de 1969 /

La colección América Indígena presenta investigaciones y problemáticas relacionadas con los indígenas y la situación social, económica, política y cultural en América. En cada tomo hay una editorial, y notas bibliográficas, además de los artículos. En este número tratan acerca de La cultura de la po...

وصف كامل

محفوظ في:
التفاصيل البيبلوغرافية
مؤلفون آخرون: Aguirre Beltrán, Gonzalo (dirección) (dirección)
التنسيق: كتاب
اللغة:الإسبانية
الموضوعات:
الوسوم: إضافة وسم
لا توجد وسوم, كن أول من يضع وسما على هذه التسجيلة!

MARC

LEADER 00000nam^a2200000^a^4500
001 000112703
005 20250521000000.0
009 20260310093916.643
037 |a Acervo ITESO - Biblioteca 
041 |a ESP 
082 |a 980. 005  |b AME 1969 V. 29 T. 1 
240 1 1 |a [América indígena] 
245 1 0 |a América indígena :  |b órgano trimestral del Instituto Indigenista Interamericano : enero de 1969 /  |c Dir. de G. Aguirre Beltrán. 
264 |a México :  |b Instituto Indigenista Interamericano,  |c 1969 
300 |a 332 p. 
336 |a texto  |b txt  |2 rdacontenido 
337 |a sin mediación  |b n  |2 rdamedio 
338 |a volumen  |b nc  |2 rdasoporte 
520 |a La colección América Indígena presenta investigaciones y problemáticas relacionadas con los indígenas y la situación social, económica, política y cultural en América. En cada tomo hay una editorial, y notas bibliográficas, además de los artículos. En este número tratan acerca de La cultura de la pobreza en relación con el amor mágico; El significado de la carrera de la bola tarahumara; Los patrones de ingestión de alcohol entre los migrantes mapuches en Santiago; Las barreras lingüísticas y socioculturales a a la comunicación; El sistema de roza y Las posibilidades de desarrollo cultural en el Amazonas. 
649 |a XX 
650 |a Indígenas -  |x Publicaciones Periódicas Mexicanas 
650 |a Pobreza -  |z Perú 
650 |a Magia -  |x Aspectos Sociales y Culturales 
650 |a Prácticas Culturales -  |z México 
650 |a Indígenas de México 
650 |a Alimentos y Bebidas -  |z Chile 
650 |a Cultura 
650 |a Desarrollo Comunitario 
650 |a Desarrollo Económico-Social 
650 |a Comunicación Verbal 
650 |a Problemas Sociales 
650 |a Indigenismo 
650 |a Antropología Cultural 
700 |a Aguirre Beltrán, Gonzalo  |e (dirección) 
910 |a Fondo Salvador Reynoso Reynoso 
920 |a Impresos - Libros 
930 |a Fondos Especiales 
905 |a 112 
901 |a 0800001802  |b IT2  |c ESP  |u 20250521 
902 |a https://opac.biblio.iteso.mx/vufind/Record/000112703